[Event "Interclubs"]
[Site "Montreal CAN"]
[Date "1996.02.13"]
[Round "1"]
[White "Morin, Yves"]
[Black "Gravel, Simon M"]
[Result "1/2-1/2"]
[WhiteElo "2322"]
[BlackElo "2244"]
[PlyCount "37"]
[EventDate "1996.03.01"]
[EventType "team"]
[EventRounds "5"]
[EventCountry "CAN"]

1. d4 Nf6 2. Nf3 c5 3. e3 g6 4. Be2 Bg7 5. O-O O-O 6. a3 b6 7. c4 e6 8. Nc3 d5
9. Qb3 dxc4 10. Bxc4 Nbd7 11. Rd1 Qe7 12. d5 exd5 13. Nxd5 Nxd5 14. Bxd5 Rb8
15. e4 Ne5 16. Bf4 Bg4 17. Nxe5 Bxe5 18. Qg3 Bxf4 19. Qxg4 1/2-1/2

[Event "Interclubs"]
[Site "Montreal CAN"]
[Date "1996.02.13"]
[Round "1"]
[White "Ross, Dave"]
[Black "Mongeau, Diane"]
[Result "1-0"]
[WhiteElo "2282"]
[BlackElo "1751"]
[PlyCount "109"]
[EventDate "1996.03.01"]
[EventType "team"]
[EventRounds "5"]
[EventCountry "CAN"]

1. d4 d5 2. Nf3 e6 3. c4 c6 4. e3 Nf6 5. Nc3 Be7 6. Ne5 Nbd7 7. f4 c5 8. cxd5
Nxe5 9. dxe5 Nxd5 10. Nxd5 Qxd5 11. Bb5+ Bd7 12. Bxd7+ Qxd7 13. Qf3 Qb5 14. Kf2
Rd8 15. Re1 O-O 16. b3 Rd5 17. Qe4 Rfd8 18. Re2 Qa5 19. Rb1 b5 20. Rbb2 c4 21.
bxc4 bxc4 22. Rb7 Bc5 23. Qxc4 Bb6 24. Bb2 Rc5 25. Qe4 Rb5 26. Kf3 Qxa2 27. Bd4
Qa6 28. Qc6 Qa5 29. Bc3 Rc5 30. Bxa5 Rxc6 31. Bxb6 axb6 32. Rd2 Rf8 33. g4 Rcc8
34. Rxb6 Rc7 35. h4 g6 36. h5 Rfc8 37. h6 Re7 38. Rbd6 Kf8 39. Rd8+ Rxd8 40.
Rxd8+ Re8 41. Rxe8+ Kxe8 42. Ke4 Ke7 43. Kd4 Kd7 44. Kc5 Kc7 45. Kb5 Kb7 46.
Kc5 Kc7 47. e4 Kd7 48. Kb6 Kd8 49. Kc6 Ke7 50. Kc7 Ke8 51. Kd6 Kd8 52. f5 exf5
53. exf5 gxf5 54. gxf5 f6 55. e6 1-0

[Event "Interclubs"]
[Site "Montreal CAN"]
[Date "1996.02.13"]
[Round "1"]
[White "Saint-Pierre, Benoit"]
[Black "Desforges, Jean"]
[Result "1-0"]
[WhiteElo "2252"]
[BlackElo "2073"]
[PlyCount "107"]
[EventDate "1996.03.01"]
[EventType "team"]
[EventRounds "5"]
[EventCountry "CAN"]

1. e4 e5 2. Nf3 Nc6 3. Bc4 Be7 4. O-O Nf6 5. d3 d6 6. Bb3 Bg4 7. c3 O-O 8. Nbd2
d5 9. h3 Bh5 10. Qe2 Qd7 11. Rd1 Rad8 12. Nf1 Na5 13. Bc2 dxe4 14. dxe4 Qc6 15.
Rxd8 Rxd8 16. g4 Nxg4 17. hxg4 Bxg4 18. N1h2 Bh5 19. Qf1 f6 20. Nd2 Bf7 21. Qe2
Nc4 22. Nxc4 Bxc4 23. Bb3 Bxb3 24. axb3 Bc5 25. Nf1 Rd6 26. Qc4+ Kf8 27. Be3
Bxe3 28. Nxe3 a6 29. Qxc6 Rxc6 30. Rd1 Rb6 31. b4 Ke8 32. Kf1 Re6 33. Nf5 Rb6
34. Nxg7+ Ke7 35. Nf5+ Ke8 36. Rd5 Rc6 37. Rc5 Kd7 38. Rxc6 Kxc6 39. Ke2 Kb5
40. Kd3 h5 41. b3 b6 42. Ke3 c5 43. Nd6+ Kc6 44. bxc5 bxc5 45. Nc4 Kb5 46. Nd6+
Kc6 47. Ne8 c4 48. b4 Kb5 49. Nxf6 h4 50. Kf3 Ka4 51. Kg4 Kb3 52. Nd5 Kc2 53.
Kxh4 Kd3 54. f3 1-0

[Event "Interclubs"]
[Site "Montreal CAN"]
[Date "1996.02.13"]
[Round "1"]
[White "Teuton, Frank"]
[Black "Robichaud, Jocelyn"]
[Result "1-0"]
[WhiteElo "2178"]
[BlackElo "1261"]
[PlyCount "73"]
[EventDate "1996.03.01"]
[EventType "team"]
[EventRounds "5"]
[EventCountry "CAN"]

1. e4 e5 2. Nc3 Bc5 3. g3 d6 4. Bg2 Nf6 5. d3 Bg4 6. f3 Bh5 7. Nge2 Nc6 8. Na4
Nd7 9. Nxc5 dxc5 10. Be3 Qe7 11. Nc3 Nb6 12. Qd2 O-O-O 13. Qf2 Nd4 14. a4 a5
15. Nb5 Kb8 16. O-O f6 17. c3 Ne6 18. b4 axb4 19. a5 Be8 20. Nxc7 Qxc7 21. axb6
Qxb6 22. cxb4 Rxd3 23. Rfb1 Qd8 24. bxc5 Bc6 25. Bf1 Rxe3 26. Qxe3 Qd4 27. Qxd4
Nxd4 28. Kf2 g5 29. Rb6 h5 30. Bc4 g4 31. Bd5 Bxd5 32. exd5 Rf8 33. c6 Rf7 34.
Rab1 gxf3 35. Rxb7+ Rxb7 36. Rxb7+ Kc8 37. Rh7 1-0

[Event "Interclubs"]
[Site "Montreal CAN"]
[Date "1996.03.13"]
[Round "2"]
[White "Linskiy, Oleg"]
[Black "Hua, Lefong"]
[Result "1-0"]
[WhiteElo "2402"]
[BlackElo "2070"]
[PlyCount "69"]
[EventDate "1996.03.01"]
[EventType "team"]
[EventRounds "5"]
[EventCountry "CAN"]

1. b3 e5 2. Bb2 d6 3. d4 exd4 4. Qxd4 Nf6 5. Nc3 Nc6 6. Qd2 Bf5 7. O-O-O Be7 8.
f3 O-O 9. Kb1 a5 10. e4 Be6 11. g4 Nd7 12. f4 Bxg4 13. Be2 Bxe2 14. Ngxe2 Nb6
15. Ng3 Bf6 16. Nh5 Bd4 17. Qg2 g6 18. e5 Nd7 19. exd6 Qh4 20. Ng3 Bg7 21. dxc7
Nc5 22. Nf5 gxf5 23. Ne4 Ne6 24. Bxg7 Nxg7 25. Rhg1 Qh6 26. Rd6 f6 27. Rd7 Rf7
28. Rxf7 Kxf7 29. Nd6+ Kf8 30. Qd5 Qh5 31. c8=Q+ Rxc8 32. Nxc8 Qf7 33. Qc5+ Kg8
34. Nd6 Qe7 35. Qd5+ 1-0

[Event "Interclubs"]
[Site "Montreal CAN"]
[Date "1996.03.19"]
[Round "3"]
[White "Fillion, Robert"]
[Black "Leveille, Francois"]
[Result "0-1"]
[WhiteElo "1706"]
[BlackElo "2357"]
[PlyCount "70"]
[EventDate "1996.03.01"]
[EventType "team"]
[EventRounds "5"]
[EventCountry "CAN"]

1. c4 Nf6 2. Nc3 c5 3. Nf3 d5 4. cxd5 Nxd5 5. g3 Nc6 6. Bg2 Nc7 7. O-O e5 8. d3
Be7 9. Nd2 O-O 10. Nc4 f6 11. f4 exf4 12. Bxf4 Be6 13. Bxc7 Qxc7 14. Nd5 Qd7
15. Nxe7+ Nxe7 16. Qc2 Rac8 17. a4 Kh8 18. a5 Rfd8 19. Rad1 Nf5 20. Qc1 Qe7 21.
e4 Nd4 22. Rde1 Bxc4 23. Qxc4 Nc6 24. Bh3 Rc7 25. Rf5 Ne5 26. Qc2 Qd6 27. Rd1
h6 28. b3 Rc6 29. Bf1 Qd4+ 30. Kh1 Kh7 31. Kg2 Ra6 32. Qa2 b6 33. b4 cxb4 34.
Rb1 Rxa5 35. Qb3 Ng4 0-1

[Event "Interclubs"]
[Site "Montreal CAN"]
[Date "1996.03.21"]
[Round "3"]
[White "Gardner, Robert"]
[Black "Gauthier, Denis"]
[Result "1-0"]
[WhiteElo "2173"]
[BlackElo "1946"]
[PlyCount "50"]
[EventDate "1996.03.01"]
[EventType "team"]
[EventRounds "5"]
[EventCountry "CAN"]

1. e4 c5 2. Nc3 Nc6 3. Nge2 e6 4. d4 cxd4 5. Nxd4 Qc7 6. Be2 Nf6 7. O-O a6 8.
Nxc6 bxc6 9. Qd4 e5 10. Qd3 Be7 11. Qg3 O-O 12. Bh6 Ne8 13. Bc4 Kh8 14. Be3 Nf6
15. Rad1 d6 16. f3 Be6 17. Bxe6 fxe6 18. Qh3 d5 19. Bf2 d4 20. Na4 Qd6 21. Nb6
Rab8 22. Nc4 Qc7 23. Qxe6 Nxe4 24. fxe4 Rf6 25. Qxe5 Rxb2 1-0

[Event "Interclubs"]
[Site "Montreal CAN"]
[Date "1996.03.31"]
[Round "3"]
[White "Goldenberg, Danny"]
[Black "Germain, Michel"]
[Result "1/2-1/2"]
[WhiteElo "1929"]
[BlackElo "1981"]
[PlyCount "120"]
[EventDate "1996.03.01"]
[EventType "team"]
[EventRounds "5"]
[EventCountry "CAN"]

1. e4 c5 2. Nf3 d6 3. d4 cxd4 4. Nxd4 Nf6 5. Nc3 Nc6 6. Bg5 Bd7 7. Qd2 Rc8 8.
O-O-O Nxd4 9. Qxd4 Qa5 10. Bd2 a6 11. Kb1 Qc7 12. Be2 e5 13. Qd3 h6 14. f4 Be7
15. f5 b5 16. a3 Bc6 17. h4 Qb7 18. Bf3 a5 19. Nd5 Bxd5 20. exd5 b4 21. a4 Nd7
22. b3 Nc5 23. Qe2 Rc7 24. Bc1 O-O 25. g4 Rfc8 26. Rd2 e4 27. Bxe4 Bf6 28. g5
hxg5 29. hxg5 Bxg5 30. Qh5 f6 31. Qh7+ Kf8 32. Qg6 Bh6 33. Rg2 Nxe4 34. Bxh6
Qxd5 35. Bxg7+ Ke7 36. Bxf6+ Kd7 37. Rh7+ Kc6 38. Rxc7+ Kxc7 39. Qg7+ Kb8 40.
Bd4 Nc5 41. Bxc5 Rxc5 42. Qg8+ Qxg8 43. Rxg8+ Kc7 44. f6 Rf5 45. Rf8 Kd7 46.
Ra8 Ke6 47. Ra6 Kxf6 48. Rxd6+ Ke7 49. Rd4 Ke6 50. Kc1 Rf2 51. Rd8 Rh2 52. Rd1
Rg2 53. Rd2 Rxd2 54. Kxd2 Kd6 55. c4 bxc3+ 56. Kxc3 Kc5 57. Kc2 Kc6 58. Kb1 Kb7
59. Kb2 Kb6 60. Ka3 Ka7 1/2-1/2

[Event "Interclubs"]
[Site "Montreal CAN"]
[Date "1996.03.31"]
[Round "3"]
[White "Gravel, Simon M"]
[Black "Hua, Lefong"]
[Result "1-0"]
[WhiteElo "2244"]
[BlackElo "2070"]
[PlyCount "63"]
[EventDate "1996.03.01"]
[EventType "team"]
[EventRounds "5"]
[EventCountry "CAN"]

1. c4 d6 2. Nf3 g6 3. Nc3 Bg7 4. Rb1 e5 5. d4 Nc6 6. Bg5 f6 7. Bh4 Nge7 8. d5
Nb8 9. e4 O-O 10. Bd3 h6 11. Nd2 Nd7 12. O-O f5 13. exf5 gxf5 14. f3 Nf6 15.
Re1 Ng6 16. Bf2 Nh5 17. Kh1 Qg5 18. Bf1 Rf7 19. a4 a5 20. c5 Bf8 21. cxd6 cxd6
22. Nc4 Rg7 23. Qc1 Qf6 24. Nb6 Rb8 25. Nb5 f4 26. Nxc8 Nh4 27. Ncxd6 Bxd6 28.
Nxd6 Rf8 29. Ne4 Qd8 30. d6 Kh8 31. Qc5 Rf5 32. Rbc1 1-0

[Event "Interclubs"]
[Site "Montreal CAN"]
[Date "1996.03.21"]
[Round "3"]
[White "Grondin, Jean-Philippe"]
[Black "Filion, Charles"]
[Result "0-1"]
[WhiteElo "2110"]
[BlackElo "2100"]
[PlyCount "58"]
[EventDate "1996.03.01"]
[EventType "team"]
[EventRounds "5"]
[EventCountry "CAN"]

1. e4 c5 2. Nf3 d6 3. d4 cxd4 4. Nxd4 Nf6 5. Nc3 a6 6. Bg5 e6 7. f4 Be7 8. Qf3
h6 9. Qh3 O-O 10. Bxh6 gxh6 11. O-O-O Kg7 12. e5 Ng8 13. Rd3 f5 14. exf6+ Rxf6
15. Rg3+ Kh8 16. Bd3 Nc6 17. Nf3 Rxf4 18. Rxg8+ Kxg8 19. Qxh6 Rf7 20. h4 Qf8
21. Qh5 d5 22. Rh3 Bd6 23. Kb1 Rg7 24. Ng5 Qe7 25. Qh6 Ne5 26. Bh7+ Rxh7 27.
Nxh7 Ng4 28. Qh5 Qxh7 29. Qxg4+ Qg7 0-1

[Event "Interclubs"]
[Site "Montreal CAN"]
[Date "1996.03.19"]
[Round "3"]
[White "Mikanovic, Goran"]
[Black "Audet, Michel"]
[Result "1-0"]
[WhiteElo "2295"]
[BlackElo "1647"]
[PlyCount "55"]
[EventDate "1996.03.01"]
[EventType "team"]
[EventRounds "5"]
[EventCountry "CAN"]

1. d4 c5 2. d5 e6 3. c4 d6 4. Nc3 Be7 5. g3 e5 6. Bg2 f5 7. e4 Nf6 8. Nge2 O-O
9. O-O a6 10. a4 fxe4 11. h3 Qe8 12. g4 h6 13. Ng3 Qg6 14. Ncxe4 Nbd7 15. Nf5
Re8 16. Nfxd6 Bxd6 17. Nxd6 Rd8 18. Nf5 Kh8 19. Be3 e4 20. Bf4 Nh5 21. Bc7 Rf8
22. Bxe4 Ndf6 23. Bc2 Ne8 24. Ne7 Qf6 25. Qd3 Bf5 26. Qxf5 Qxf5 27. Nxf5 Nxc7
28. gxh5 1-0

[Event "Interclubs"]
[Site "Montreal CAN"]
[Date "1996.03.19"]
[Round "3"]
[White "Morin, Gaetan"]
[Black "Pineault, Denis"]
[Result "0-1"]
[WhiteElo "1642"]
[BlackElo "2262"]
[PlyCount "92"]
[EventDate "1996.03.01"]
[EventType "team"]
[EventRounds "5"]
[EventCountry "CAN"]

1. e4 c5 2. Nf3 Nc6 3. d4 cxd4 4. Nxd4 e5 5. Nb5 d6 6. N1c3 Nf6 7. Bg5 a6 8.
Na3 b5 9. Nd5 Be7 10. Nxe7 Nxe7 11. Bxf6 gxf6 12. Qf3 f5 13. exf5 Bxf5 14. Bd3
Be6 15. O-O O-O 16. Qf6 Ng6 17. Qxd8 Rfxd8 18. Rad1 Nf4 19. g3 Nh3+ 20. Kg2 Ng5
21. Kh1 Rac8 22. h4 Bd5+ 23. f3 Bxf3+ 24. Rxf3 Nxf3 25. c3 d5 26. Bf5 Rb8 27.
Nc2 a5 28. Kg2 e4 29. Ne3 Ne5 30. Nxd5 Nc4 31. Kf2 Nxb2 32. Rd4 Nd3+ 33. Ke3
Nc5 34. Nf6+ Kg7 35. Nh5+ Kh8 36. Nf6 h6 37. Ng4 Kg7 38. Nf2 b4 39. Rc4 Rb5 40.
Rd4 Rxd4 41. cxd4 b3 42. axb3 Rxb3+ 43. Ke2 Ne6 44. Bxe6 fxe6 45. Nxe4 a4 46.
Kd2 a3 0-1

[Event "Interclubs"]
[Site "Montreal CAN"]
[Date "1996.03.21"]
[Round "3"]
[White "Moussa, Alaa Eddine"]
[Black "Levtchouk, George"]
[Result "1/2-1/2"]
[WhiteElo "2187"]
[BlackElo "2320"]
[PlyCount "61"]
[EventDate "1996.03.01"]
[EventType "team"]
[EventRounds "5"]
[EventCountry "CAN"]

1. d4 g6 2. c4 Bg7 3. Nc3 d6 4. e4 Nf6 5. Be2 O-O 6. Bg5 c6 7. Qd2 e5 8. d5 Na6
9. h4 Nc5 10. f3 cxd5 11. cxd5 Qa5 12. Rb1 Qb4 13. Nb5 Qxd2+ 14. Kxd2 Rd8 15.
b4 Na4 16. Be3 Nb6 17. a4 Nbxd5 18. exd5 Bf5 19. Bd3 Bxd3 20. Kxd3 Nxd5 21.
Bxa7 Nf4+ 22. Kc2 Nxg2 23. Rh2 Nf4 24. Rd1 d5 25. Ne2 Ne6 26. Kb3 d4 27. Nc1
Rd5 28. Bb6 Rc8 29. Nd3 Bf8 30. Re2 Bg7 31. Nc5 1/2-1/2

[Event "Interclubs"]
[Site "Montreal CAN"]
[Date "1996.03.21"]
[Round "3"]
[White "Ross, Dave"]
[Black "Prahov, Valentin"]
[Result "1/2-1/2"]
[WhiteElo "2282"]
[BlackElo "2200"]
[PlyCount "115"]
[EventDate "1996.03.01"]
[EventType "team"]
[EventRounds "5"]
[EventCountry "CAN"]

1. d4 Nf6 2. c4 g6 3. Nc3 d5 4. Bf4 Bg7 5. e3 O-O 6. cxd5 Nxd5 7. Nxd5 Qxd5 8.
Bxc7 Na6 9. Bxa6 Qxg2 10. Qf3 Qxf3 11. Nxf3 bxa6 12. Rc1 Bb7 13. Ke2 Rac8 14.
Rhd1 e6 15. Ne1 Rfe8 16. Nd3 Bf8 17. Rc3 f6 18. Rdc1 Kf7 19. a3 g5 20. f3 h5
21. h3 Be7 22. Nf2 Bd8 23. Bxd8 Rcxd8 24. Rc7+ Re7 25. R7c5 Rd5 26. b4 e5 27.
Rxd5 Bxd5 28. Rc5 exd4 29. Rxd5 Rxe3+ 30. Kf1 Rxa3 31. Kg2 Ke6 32. Rxd4 f5 33.
Rd2 a5 34. bxa5 Rxa5 35. Kf1 Ra3 36. Ke2 g4 37. Nd3 gxh3 38. Nf4+ Ke5 39. Nxh3
a5 40. Rb2 a4 41. Rb5+ Kd4 42. Rb4+ Kc3 43. Rf4 Ra2+ 44. Ke3 a3 45. Nf2 Ra1 46.
Rxf5 Re1+ 47. Kf4 a2 48. Ra5 a1=Q 49. Rxa1 Rxa1 50. Kg5 Ra5+ 51. Kh4 Kd4 52.
Ne4 Ke3 53. Ng3 Kxf3 54. Nxh5 Rb5 55. Ng7 Re5 56. Nh5 Ra5 57. Ng7 Kf4 58. Nh5+
1/2-1/2

[Event "Interclubs"]
[Site "Montreal CAN"]
[Date "1996.04.05"]
[Round "4"]
[White "Levtchouk, George"]
[Black "Cormos, Eugene"]
[Result "1-0"]
[WhiteElo "2320"]
[BlackElo "2015"]
[PlyCount "71"]
[EventDate "1996.03.01"]
[EventType "team"]
[EventRounds "5"]
[EventCountry "CAN"]

1. d4 d5 2. c4 e6 3. Nc3 c5 4. cxd5 exd5 5. Nf3 Nc6 6. Bg5 f6 7. Bf4 Be6 8. e3
c4 9. Be2 Bb4 10. O-O Nge7 11. a3 Bxc3 12. bxc3 O-O 13. Rb1 Qd7 14. Nd2 Ng6 15.
Bg3 f5 16. Re1 f4 17. exf4 Nxf4 18. Bxf4 Rxf4 19. g3 Rf6 20. f4 Raf8 21. Nf3
Bf5 22. Rb2 Be4 23. Ne5 Nxe5 24. dxe5 Rc6 25. Bg4 Qe7 26. Qd4 b6 27. Rxe4 dxe4
28. Qd5+ Kh8 29. Qxc6 Qxa3 30. Qd6 Qa1+ 31. Bd1 Rc8 32. Rd2 h6 33. Qd4 b5 34.
Qxe4 Qxc3 35. Bc2 Kg8 36. Qd5+ 1-0

[Event "Interclubs"]
[Site "Montreal CAN"]
[Date "1996.05.04"]
[Round "5"]
[White "Filion, Charles"]
[Black "Morin, Gaetan"]
[Result "1/2-1/2"]
[WhiteElo "2100"]
[BlackElo "1642"]
[PlyCount "70"]
[EventDate "1996.03.01"]
[EventType "team"]
[EventRounds "5"]
[EventCountry "CAN"]

1. d4 d5 2. c4 e6 3. Nc3 c5 4. Nf3 Nc6 5. cxd5 exd5 6. g3 Nf6 7. Bg2 Be7 8. O-O
O-O 9. Bg5 Be6 10. Rc1 c4 11. Ne5 Qb6 12. Nxc6 bxc6 13. e4 h6 14. Bxf6 Bxf6 15.
exd5 cxd5 16. Bxd5 Qxb2 17. Bxa8 Rxa8 18. Qf3 Rd8 19. d5 Bh3 20. Rfd1 Qa3 21.
g4 Bxg4 22. Qxg4 Bxc3 23. Qf3 Bb2 24. Qxa3 Bxa3 25. Rxc4 Bd6 26. Rdc1 Kf8 27.
Rc8 Ke7 28. Rxd8 Kxd8 29. Rc6 Kd7 30. Kg2 Bc7 31. h3 Bb6 32. Rxb6 axb6 33. Kf3
Kd6 34. Ke4 g6 35. h4 f5+ 1/2-1/2

[Event "Interclubs"]
[Site "Montreal CAN"]
[Date "1996.05.04"]
[Round "5"]
[White "Fillion, Robert"]
[Black "Cormos, Eugene"]
[Result "0-1"]
[WhiteElo "1706"]
[BlackElo "2015"]
[PlyCount "76"]
[EventDate "1996.03.01"]
[EventType "team"]
[EventRounds "5"]
[EventCountry "CAN"]

1. c4 e5 2. g3 Nf6 3. Bg2 Bc5 4. e3 c6 5. Nc3 O-O 6. Nge2 d6 7. O-O Re8 8. d4
Bb6 9. d5 e4 10. h3 cxd5 11. cxd5 Nbd7 12. Qc2 Ne5 13. Nxe4 Nxd5 14. Rd1 Be6
15. Nf4 Rc8 16. Nxe6 fxe6 17. Qb3 Qe7 18. Rxd5 exd5 19. Qxd5+ Nf7 20. Nc3 Rc7
21. a4 Rec8 22. a5 Bc5 23. Bd2 a6 24. Ra4 Qe5 25. Re4 Qf6 26. Rf4 Qe5 27. Re4
Qf6 28. Rf4 Qe7 29. Ne4 Qe5 30. Nc3 Re7 31. Rf5 Qxd5 32. Bxd5 Bb4 33. Kg2 g6
34. Rxf7 Rxf7 35. Bxf7+ Kxf7 36. Ne4 Rc4 37. Bxb4 Rxb4 38. Kf3 Ke7 0-1

[Event "Interclubs"]
[Site "Montreal CAN"]
[Date "1996.05.04"]
[Round "5"]
[White "Garrido, Manuel"]
[Black "Moisan-Plante, Marc-Olivier"]
[Result "0-1"]
[WhiteElo "1802"]
[BlackElo "2115"]
[PlyCount "91"]
[EventDate "1996.03.01"]
[EventType "team"]
[EventRounds "5"]
[EventCountry "CAN"]

1. Nf3 d5 2. c4 c6 3. g3 Nf6 4. Bg2 Bg4 5. b3 e6 6. O-O Nbd7 7. Bb2 Bd6 8. d4
O-O 9. Nbd2 a5 10. Ne5 Bh5 11. Ndf3 Ne4 12. Nxd7 Qxd7 13. Ne5 Qd8 14. f3 Nf6
15. c5 Be7 16. Qd2 Nd7 17. Nd3 f6 18. Bh3 Bf7 19. a3 Re8 20. b4 Bf8 21. Bc3 b6
22. e3 bxc5 23. bxc5 a4 24. f4 Bg6 25. Rf2 Qc7 26. Bg2 Bxd3 27. Qxd3 f5 28. Bf3
Nf6 29. Bd1 Ne4 30. Rg2 Reb8 31. Bb4 Be7 32. g4 g6 33. g5 h6 34. gxh6 Kh7 35.
Bc2 g5 36. fxg5 Bxg5 37. Qe2 Bxh6 38. Bxe4 dxe4 39. Qh5 Rg8 40. Raa2 Qe7 41.
Kf2 Qe8 42. Qh4 Qf7 43. Be1 Raf8 44. Rg3 Rg6 45. Qh3 f4 46. exf4 0-1

[Event "Interclubs"]
[Site "Montreal CAN"]
[Date "1996.05.04"]
[Round "5"]
[White "Gravel, Simon M"]
[Black "Levtchouk, George"]
[Result "1/2-1/2"]
[WhiteElo "2244"]
[BlackElo "2320"]
[PlyCount "86"]
[EventDate "1996.03.01"]
[EventType "team"]
[EventRounds "5"]
[EventCountry "CAN"]

1. e4 g6 2. Nf3 Bg7 3. Nc3 d6 4. d4 a6 5. Be2 b5 6. O-O Nd7 7. Re1 c5 8. Bf1
cxd4 9. Nxd4 Bb7 10. a4 b4 11. Nd5 Ngf6 12. Nxb4 Qb6 13. c3 Nxe4 14. a5 Qc7 15.
Bxa6 Bxa6 16. Rxe4 Nf6 17. Qa4+ Qd7 18. Nxa6 Rxa6 19. Re1 Qxa4 20. Rxa4 Nd5 21.
Bd2 Kd7 22. Rea1 Rb8 23. Bc1 e6 24. Kf1 f5 25. Ke2 Bf6 26. R1a3 Rba8 27. Bd2
Rb8 28. Rb3 Rxb3 29. Nxb3 Ne7 30. Rb4 Kc7 31. Be3 Nd5 32. Rc4+ Kb7 33. Ra4 Bxc3
34. Rh4 Bxa5 35. Rxh7+ Bc7 36. Rg7 Nxe3 37. Kxe3 e5 38. Rxg6 Rb6 39. Na5+ Kc8
40. Nc4 Rb3+ 41. Ke2 d5 42. Nd6+ Bxd6 43. Rxd6 Rxb2+ 1/2-1/2

[Event "Interclubs"]
[Site "Montreal CAN"]
[Date "1996.05.04"]
[Round "5"]
[White "Grondin, Jean-Philippe"]
[Black "Reeve, Jeff"]
[Result "0-1"]
[WhiteElo "2110"]
[BlackElo "2246"]
[PlyCount "91"]
[EventDate "1996.03.01"]
[EventType "team"]
[EventRounds "5"]
[EventCountry "CAN"]

1. e4 d5 2. exd5 Nf6 3. Bb5+ Bd7 4. Bc4 Bg4 5. f3 Bc8 6. Nc3 Nbd7 7. Nge2 Nb6
8. b3 Nfxd5 9. Nxd5 Nxd5 10. Bb2 e6 11. O-O Bc5+ 12. Kh1 O-O 13. Qe1 Bd6 14.
Ng3 Qh4 15. Be5 Bxe5 16. Qxe5 Qf4 17. Qxf4 Nxf4 18. Ne2 Nxe2 19. Bxe2 Rd8 20.
f4 Rxd2 21. Rad1 Rd7 22. Bf3 Rb8 23. c4 c5 24. Rxd7 Bxd7 25. Rd1 Be8 26. g4 Kf8
27. a3 Ke7 28. b4 cxb4 29. axb4 Rc8 30. Ra1 Rxc4 31. Rxa7 Kf6 32. Rxb7 Rxf4 33.
Bg2 Rxg4 34. Rb8 Rc4 35. Kg1 Bc6 36. Bf1 Rg4+ 37. Kf2 Rf4+ 38. Ke1 g5 39. b5
Bd5 40. b6 Rb4 41. Ba6 g4 42. b7 Rb6 43. Be2 Rxb7 44. Rg8 Bf3 45. Bxf3 gxf3 46.
Rg3 0-1

[Event "Interclubs"]
[Site "Montreal CAN"]
[Date "1996.05.04"]
[Round "5"]
[White "Landry, Sylvain"]
[Black "Mongeau, Diane"]
[Result "1-0"]
[WhiteElo "1985"]
[BlackElo "1751"]
[PlyCount "57"]
[EventDate "1996.03.01"]
[EventType "team"]
[EventRounds "5"]
[EventCountry "CAN"]

1. e4 c5 2. Nc3 Nc6 3. g3 g6 4. Bg2 Bg7 5. d3 d6 6. f4 e6 7. Nf3 Nge7 8. O-O
O-O 9. Be3 Nd4 10. e5 Nef5 11. Bf2 Nxf3+ 12. Qxf3 dxe5 13. Bxc5 exf4 14. Bxf8
Bd4+ 15. Kh1 fxg3 16. Ba3 Qh4 17. h3 e5 18. Rae1 Be6 19. Ne4 h5 20. c3 Bb6 21.
Nc5 Bxc5 22. Bxc5 Rd8 23. Rxe5 b6 24. Ba3 Qa4 25. d4 Qc2 26. Qe2 Qa4 27. Rxe6
fxe6 28. Qxe6+ Kg7 29. Bd5 1-0

[Event "Interclubs"]
[Site "Montreal CAN"]
[Date "1996.05.04"]
[Round "5"]
[White "Leveille, Francois"]
[Black "Morin, Yves"]
[Result "1/2-1/2"]
[WhiteElo "2357"]
[BlackElo "2322"]
[PlyCount "75"]
[EventDate "1996.03.01"]
[EventType "team"]
[EventRounds "5"]
[EventCountry "CAN"]

1. e4 c6 2. d4 d5 3. exd5 cxd5 4. c4 Nf6 5. Nc3 g6 6. Nf3 Bg7 7. Be2 O-O 8. O-O
Nc6 9. Re1 Be6 10. Ng5 Bf5 11. Be3 Rc8 12. g4 Bd7 13. cxd5 Nb4 14. Bf3 Qa5 15.
Bd2 Rfe8 16. Nce4 Qb6 17. Nc5 h6 18. Nge6 fxe6 19. Nxd7 Nxd7 20. Rxe6 Qxd4 21.
Re4 Qxb2 22. Rb1 Qc2 23. Bxb4 Ne5 24. Bg2 Rf8 25. Qxc2 Rxc2 26. f4 Nd3 27. Bxe7
Rxf4 28. Rxf4 Nxf4 29. Bf3 Nh3+ 30. Kh1 Be5 31. Bg2 Nf2+ 32. Kg1 Nxg4 33. h3
Bd4+ 34. Kh1 Nf2+ 35. Kh2 Be5+ 36. Kg1 Bd4 37. Kh2 Be5+ 38. Kg1 1/2-1/2

[Event "Interclubs"]
[Site "Montreal CAN"]
[Date "1996.05.04"]
[Round "5"]
[White "Moussa, Alaa Eddine"]
[Black "Mikanovic, Goran"]
[Result "0-1"]
[WhiteElo "2187"]
[BlackElo "2295"]
[PlyCount "75"]
[EventDate "1996.03.01"]
[EventType "team"]
[EventRounds "5"]
[EventCountry "CAN"]

1. d4 Nf6 2. c4 e6 3. Nf3 b6 4. g3 Ba6 5. b3 Bb4+ 6. Bd2 Be7 7. Bg2 c6 8. Bc3
d5 9. Ne5 Nfd7 10. Nxd7 Nxd7 11. Nd2 O-O 12. O-O Rc8 13. e4 dxc4 14. bxc4 b5
15. Re1 bxc4 16. Qa4 Bb5 17. Qc2 Nb6 18. a4 Ba6 19. a5 Na8 20. Bf1 Nc7 21. Nxc4
Nb5 22. Nd2 c5 23. d5 Nd4 24. Qa4 Bxf1 25. Kxf1 exd5 26. Bxd4 cxd4 27. e5 Rc3
28. Qxd4 Qc8 29. Kg2 Rd8 30. a6 Rc2 31. Nb3 Qb8 32. Reb1 Rc4 33. Qe3 Re4 34.
Qc3 Bb4 35. Qc6 Qxe5 36. Qb7 Bc3 37. Ra2 Rb4 38. Nc5 0-1

[Event "Interclubs"]
[Site "Montreal CAN"]
[Date "1996.05.04"]
[Round "5"]
[White "Pineault, Denis"]
[Black "Prahov, Valentin"]
[Result "1/2-1/2"]
[WhiteElo "2262"]
[BlackElo "2200"]
[PlyCount "86"]
[EventDate "1996.03.01"]
[EventType "team"]
[EventRounds "5"]
[EventCountry "CAN"]

1. e4 c5 2. Nf3 Nc6 3. d4 cxd4 4. Nxd4 g6 5. c4 Bg7 6. Be3 Nf6 7. Nc3 d6 8. Be2
O-O 9. f3 Bd7 10. Qd2 Nxd4 11. Bxd4 a5 12. h4 Bc6 13. h5 a4 14. g4 Qa5 15.
O-O-O a3 16. b3 Rac8 17. Kb1 Rfd8 18. hxg6 hxg6 19. Qe3 Rd7 20. Nd5 Bxd5 21.
exd5 b5 22. g5 Nh5 23. Bxg7 Kxg7 24. Qd4+ f6 25. Rdg1 Qa7 26. gxf6+ Nxf6 27.
Qd3 Rg8 28. Qxg6+ Kf8 29. Qh6+ Kf7 30. Rxg8 Nxg8 31. Qe6+ Kf8 32. Rh7 Qg1+ 33.
Kc2 Ke8 34. Qf7+ Kd8 35. Rg7 Qa1 36. Rxg8+ Kc7 37. Qe8 Qxa2+ 38. Kc3 Qb2+ 39.
Kb4 Kb6 40. Qb8+ Rb7 41. Qd8+ Rc7 42. Qb8+ Rb7 43. Qd8+ Rc7 1/2-1/2

[Event "Interclubs"]
[Site "Montreal CAN"]
[Date "1996.05.04"]
[Round "5"]
[White "Ross, Dave"]
[Black "Saint-Pierre, Benoit"]
[Result "1/2-1/2"]
[WhiteElo "2282"]
[BlackElo "2252"]
[PlyCount "56"]
[EventDate "1996.03.01"]
[EventType "team"]
[EventRounds "5"]
[EventCountry "CAN"]

1. c4 e5 2. Nc3 Nf6 3. g3 d5 4. cxd5 Nxd5 5. Bg2 Nb6 6. Nf3 Nc6 7. O-O Be7 8.
Rb1 a5 9. b3 O-O 10. Bb2 Re8 11. d3 Bf8 12. Nd2 Bg4 13. Nc4 Qg5 14. Re1 Qh5 15.
Ne3 Bh3 16. Bf3 Qg6 17. Ned5 Nxd5 18. Nxd5 Bd6 19. Rc1 Rad8 20. Rc4 Be6 21. Rh4
Bxd5 22. Bxd5 Bb4 23. Be4 f5 24. Bxc6 Qxc6 25. Rc4 Qd6 26. Rf1 Bc5 27. Qc2 Bb6
28. Rc1 c6 1/2-1/2

[Event "Interclubs"]
[Site "Montreal CAN"]
[Date "1996.05.04"]
[Round "5"]
[White "Teuton, Frank"]
[Black "Pohl, Klaus"]
[Result "1-0"]
[WhiteElo "2178"]
[BlackElo "2148"]
[PlyCount "47"]
[EventDate "1996.03.01"]
[EventType "team"]
[EventRounds "5"]
[EventCountry "CAN"]

1. e4 e6 2. d4 d5 3. Nc3 Bb4 4. Nge2 dxe4 5. a3 Be7 6. Nxe4 Nc6 7. g3 Nf6 8.
Bg2 Nxe4 9. Bxe4 Bf6 10. Be3 O-O 11. Qd3 g6 12. h4 e5 13. d5 Ne7 14. h5 Bf5 15.
hxg6 hxg6 16. O-O-O Qd7 17. Nc3 Rad8 18. f3 Bg7 19. Qe2 Bxe4 20. Nxe4 f6 21.
Nc5 Qe8 22. Qc4 Qf7 23. Ne6 Rd7 24. Qh4 1-0